00345nam a2200121Ia 450000500170000000800410001702000180005804100080007610000260008424500910011094200070020199900150020820260330112751.0260330s9999||||xx |||||||||||||| ||und|| a9789588066905 aspa aJavier Ocampo López 0aPensar El Bicentenario- Cuatro Miradas Sobre Nacion, Region,Ciudadania Y Patrimonio /  cBK c3512d3512